Statistics for Countries with Cities Founded by Romans

Click here to take the quiz!

General Stats

  • This quiz has been taken 720 times
  • The average score is 16 of 20

Answer Stats

Country% Correct
Italy
98%
France
97%
Spain
97%
Germany
95%
United Kingdom
95%
Portugal
91%
Austria
88%
Belgium
86%
Switzerland
86%
Croatia
85%
Slovenia
83%
Netherlands
81%
Hungary
78%
Serbia
78%
Romania
77%
Algeria
73%
Slovakia
71%
Israel
66%
Montenegro
65%
Kosovo
58%

Score Distribution

Percentile by Number Answered

Percent of People with Each Score

Your Score History

You have not taken this quiz